Současnost a budoucnost regulace významné tržní síly v České republice

Problematické aspekty účinnosti zákona č. 395/2009 Zb. o významné trhovej sile pri predaji poľnohospodárskych a potravinárskych produktov a jej zneužitie, platným v Českej republike.

Saved in:
Bibliographic Details
Main Author: Temel, Miloš
Format: Book Chapter
Language:Czech
Subjects:
Tags: Add Tag
No Tags, Be the first to tag this record!

MARC

LEADER 00000naa a2200000 4500
001 0200995
005 20231128125318.3
041 0 |a cze 
044 |a CZ 
245 1 0 |a Současnost a budoucnost regulace významné tržní síly v České republice  |c Miloš Temel 
520 |a Problematické aspekty účinnosti zákona č. 395/2009 Zb. o významné trhovej sile pri predaji poľnohospodárskych a potravinárskych produktov a jej zneužitie, platným v Českej republike. 
610 2 0 |a súťaž hospodárska 
610 2 0 |a regulácia trhu 
610 2 0 |a Česko 
610 2 0 |a právo protimonopolné 
610 2 0 |a sily trhové 
100 1 |a Temel, Miloš